01097nem a2200313 4500001001100000003000800011006001900019007001500038008004100053034000600094040002100100035002100121050002300142050002300165052000900188245004000197246006500237255001800302260003200320300003000352533015200382651002500534651001800559655002900577710002000606710001700626856012500643999001500768ebr5008783CaPaEBRm u cr cn|||||||||101210s1999 xx s a s 0 eng d0 aa aCaPaEBRcCaPaEBR a(OCoLC)70452286414aDS932b.N67 1999eb14aG7905 1999b.N67eb a790500aNorth Koreah[electronic resource].3 iTitle from title screen:aHypsometric map, Asia, North Korea aScale varies. a[S.l.] :bMaps.com,cc1999. a1 online resource (1 map) aElectronic reproduction.bPalo Alto, Calif. :cebrary,d2011.nAvailable via World Wide Web.nAccess may be limited to ebrary affiliated libraries. 0aKorea (North)vMaps. 0aKorea (North) 7aElectronic books.2local2 aMaps.com (Firm)2 aebrary, Inc.40uhttp://site.ebrary.com/lib/rucke/Doc?id=5008783zAn electronic book accessible through the World Wide Web; click to view c5709d5709